Osobitná sadzba dane a jej vybranie zrážkou

Delenie príjmov podľa zákona č. 366/1999 Z.z., ktoré sú predmetom dane z príjmov. Osobitná sadzba dane. Výhody a nevýhody Osobitnej sadzby dane. Základné zásady vyberania a platenie osobitnej sadzby dane. Príjmy zdaňované osobitnou sadzbou dane. Praktické príklady.

Gespeichert in:
Bibliographische Detailangaben
1. Verfasser: Michňová, Angela
Weitere Verfasser: Jarinkovičová, Valéria, Barcaj, Tomáš
Format: Buchkapitel
Sprache:Slowakisch
Schlagworte:
Tags: Tag hinzufügen
Keine Tags, Fügen Sie das erste Tag hinzu!

MARC

LEADER 00000naa a2200000 4500
001 r038338
005 20231003083856.6
041 0 |a slo 
044 |a SK 
245 1 0 |a Osobitná sadzba dane a jej vybranie zrážkou  |c Angela Michňová, Valéria Jarinkovičová, Tomáš Barcaj 
520 |a Delenie príjmov podľa zákona č. 366/1999 Z.z., ktoré sú predmetom dane z príjmov. Osobitná sadzba dane. Výhody a nevýhody Osobitnej sadzby dane. Základné zásady vyberania a platenie osobitnej sadzby dane. Príjmy zdaňované osobitnou sadzbou dane. Praktické príklady. 
610 2 0 |a sadzby daňové 
610 2 0 |a zákony 
610 2 0 |a dane z príjmov 
610 2 0 |a daňovníci 
610 2 0 |a Slovensko 
610 2 0 |a 1999 
100 1 |a Michňová, Angela 
700 1 |a Jarinkovičová, Valéria 
700 1 |a Barcaj, Tomáš